all the good girls go to hell - Lyrics - Statistics

General Stats
  • This quiz has been taken 24 times
  • The average score is 150 of 210
Answer Stats
Answer % Correct
a
100%
All
100%
girls
100%
go
100%
good
100%
Hell
100%
her
100%
on
100%
the
100%
to
100%
an
93%
And
93%
I
93%
is
93%
Devil
87%
even
87%
God
87%
god
87%
has
87%
him?
87%
in
87%
me
87%
My
87%
why
87%
ya
87%
you
87%
You
87%
are
80%
'Cause
80%
Got
80%
herself
80%
lonely
80%
there,
80%
we
80%
your
80%
Your
80%
Can't
73%
can't
73%
do
73%
enemies
73%
friend
73%
look
73%
Look
73%
not
73%
Once
73%
once
73%
starts
73%
want
73%
at
67%
burn
67%
but
67%
Don't
67%
'em
67%
invitation
67%
know
67%
Lucifer
67%
Man
67%
nothing
67%
open
67%
our
67%
rise
67%
saving
67%
say
67%
them
67%
up
67%
water
67%
California
60%
didn't
60%
for
60%
friends
60%
left
60%
like
60%
now
60%
of
60%
Peter
60%
Peter's
60%
save
60%
She'll
60%
should
60%
some
60%
such
60%
team
60%
time
60%
vacation,
60%
warn
60%
better
53%
commit
53%
fool,
53%
get
53%
Hills
53%
ignore
53%
killing
53%
more
53%
needing
53%
out
53%
Standing
53%
There's
53%
anything
47%
caving
47%
cover
47%
crime
47%
fence
47%
gonna
47%
Heaven's
47%
I'm
47%
invite
47%
picket
47%
Poisoning
47%
sight
47%
wearin'
47%
Gates
40%
greenery
40%
owe
40%
Pearly
40%
themselves
40%
turn
40%
without
40%
wow
40%
Begging
33%
cannot
33%
evidence
33%
fetters
33%
help,
33%
inside
33%
snowflake
33%
Walk
33%
Animals,
27%
Haha!
27%
No matching quizzes found
Score Distribution
Percent of People with Each Score
Percentile by Number Answered
Your Score History
You have not taken this quiz